000 02048nam a2200277 a 4500
003 OSt
005 20251111112120.0
007 cr ||||||a|c|a
008 240115s2020 mx a|||fom||| 00| 0 spa d
040 _erda
100 1 _9188455
_aZanabria Vásquez, Héctor Mauricio
245 1 0 _aEtiología de la pudrición del maguey pulquero (Agave salmiana) en el Ejido de San Felipe Sultepec, Calpulalpan, Tlaxcala /
_cpor Héctor Mauricio Zanabria Vásquez ; director de tesis María de Lourdes Rodríguez Mejía.
264 1 _aChapingo, México :
_bEl autor,
_c2020.
300 _a1 recurso en línea ( 38 páginas):
_bfiguras, cuadros.
336 _2rdacontent
_atexto
_btxt
337 _2rdamedia
_acomputadora
_bc
338 _2rdacarrier
_arecurso en línea
_bcr
502 _bIAEPA
_cParasitología
_d2020.
_gLIC
504 _aIncluye referencias bibliográficas: páginas 25-29.
520 _aRecientemente en el Ejido de San Felipe Sultepec, Calpulalpan, se ha presentado una enfermedad sobre el cultivo de maguey pulquero (Agave salmiana), caracterizada por la pudrición total de la planta, la cual se observa después de que el picudo del agave (Scyphophorus acupunctatus) realiza perforaciones sobre las pencas y cogollo del maguey. Con el propósito de conocer el agente causal de dicha enfermedad, se colecto material vegetal con síntomas de pudrición. Se aisló y purifico a partir del tejido afectado una bacteria que posteriormente fue sometida a las pruebas bioquímicas, fisiológicas y la técnica de PCR utilizando los primers LAPS 5 y LAPS27 para su identificación. Los resultados indicaron que la pudrición del maguey pulquero es causada posiblemente por Pseudomonas tolaasii.
650 4 _9188456
_aAgave salmiana
_xEnfermedades por hongos
650 4 _9131720
_aHongos fitopatógenos
_xIdentificación
700 1 _998687
_aRodríguez Mejía, María de Lourdes
_edirector.
856 _uhttp://10.13.5.2/tesis/tl/Zanabria_Vasquez_Hector_Mauricio.pdf
_zDESCARGAR PDF
942 _2Clasificación Universidad Autónoma Chapingo
999 _c219524
_d219524